My memories of six reigns / (Record no. 28239)
[ view plain ]
| 000 -LEADER | |
|---|---|
| fixed length control field | 00665cam a22002411 4500 |
| 001 - CONTROL NUMBER | |
| control field | 28239 |
| 003 - CONTROL NUMBER IDENTIFIER | |
| rucl marc code | BD-RjUL |
| 005 - DATE AND TIME OF LATEST TRANSACTION | |
| control field | 20211209051244.0 |
| 008 - FIXED-LENGTH DATA ELEMENTS--GENERAL INFORMATION | |
| fixed length control field | 140328s19591956xx 001 0 eng |
| 035 ## - SYSTEM CONTROL NUMBER | |
| System control number | (BD-RjUL)28320 |
| System control number | (OCoLC)1938860 |
| 040 ## - CATALOGING SOURCE | |
| Original cataloging agency | DLC |
| Transcribing agency | TU |
| Modifying agency | DLC |
| Language of cataloging | eng |
| 041 ## - LANGUAGE CODE | |
| Language code of text/sound track or separate title | eng |
| 082 ## - DEWEY DECIMAL CLASSIFICATION NUMBER | |
| Classification number | 942.08 |
| Author mark and year | MAM 1959 |
| 100 0# - MAIN ENTRY--PERSONAL NAME | |
| Personal name | Marie Louise, |
| Dates associated with a name | 1872-1956. |
| 9 (RLIN) | 86479 |
| 245 10 - TITLE STATEMENT | |
| Title | My memories of six reigns / |
| Statement of responsibility, etc. | Louise Marie |
| 260 ## - PUBLICATION, DISTRIBUTION, ETC. (IMPRINT) | |
| Place of publication, distribution, etc. | London : |
| Name of publisher, distributor, etc. | PENGUIN BOOK. |
| Date of publication, distribution, etc. | C1956 [reprinting 1959] |
| 300 ## - PHYSICAL DESCRIPTION | |
| Pagination | 255 :p. |
| Illustrations | ill. ; |
| Size | 16 cm. |
| 504 ## - BIBLIOGRAPHY, ETC. NOTE | |
| Bibliography, etc | includes index |
| 942 ## - ADDED ENTRY ELEMENTS (KOHA) | |
| Source of classification or shelving scheme | Dewey Decimal Classification |
| Koha item type | Books |
| Lost status | Source of classification or shelving scheme | Damaged status | Not for loan | Collection code | Permanent Location | Current Location | Shelving location | Date acquired | Source of acquisition | Cost, normal purchase price | Total Checkouts | Full call number | Date last seen | Copy number | Koha item type |
|---|---|---|---|---|---|---|---|---|---|---|---|---|---|---|---|
| Dewey Decimal Classification | Added to bundle | Non-fiction | Central Library, University of Rajshahi | Central Library, University of Rajshahi | Reading Room | 06/04/1964 | Zeitlinger | 3.60 | 942.08 MAM 1959 | 29/03/2014 | C-1 | Books |